MARC보기
LDR00000nam c2200205 k 4500
001000000341236
00520260409152601
007ta
008260407s2019 ulka r 000a kor
020 ▼a 9791157684878 ▼g 14730 : ▼c \15800
020 ▼a 9791157684861(세트)
040 ▼a 248032 ▼c 248032 ▼d 248032
0490 ▼l EM111835 ▼v 1 ▼l EM111836 ▼v 1 ▼c 2
056 ▼a 730 ▼2 4
090 ▼a 730 ▼b 문54ㄷ
24520 ▼a (일본어뱅크 NEW) 다이스키 일본어 : ▼b 일본어 기초와 말하기를 한 번에. ▼n Step 1 / ▼d 문선희, ▼e 나카야마 다쓰나리, ▼e 정희순, ▼e 박영숙 지음
250 ▼a 초판
260 ▼a 서울 : ▼b 동양북스, ▼c 2019
300 ▼a 167 p. : ▼b 천연색삽화 ; ▼c 26 cm + ▼e 워크북 1책 + 가나·한자 쓰기노트 1책 (56 p.)
500 ▼a 나카야마 다쓰나리의 본명은 '김진성' 임
525 ▼a 권말부록 : 듣기 연습 스크립트와 정답, 본문 해석, 문법 정리 포인트. 외
546 ▼a 본문은 한국어, 일본어가 혼합수록됨
653 ▼a 일본어 ▼a 일본어 기초 ▼a 일본어 말하기
7001 ▼a 문선희, ▼e 저
7001 ▼a 나카야마 다쓰나리, ▼e 공저
7001 ▼a 정희순, ▼e 공저
7001 ▼a 박영숙, ▼e 공저
90011 ▼a 나카야마 다츠나리
90011 ▼a 김진성
9500 ▼b \15800
990 ▼a 관리자2 ▼b 관리자2